[Event "AUTO-OPEN-1301"]
[Site "http://www.queenalice.com/game.php?id=476746"]
[Date "2008.10.13"]
[Round "1"]
[White "rodcamilo2003"]
[Black "Kasparov1"]
[Result "0-1"]
[WhiteElo "1067"]
[BlackElo "1933"]

1. e4 e6 2. d4 d5 3. exd5 exd5 4. Nc3 Nf6 5. Bg5 Be7 6. Qe2 O-O 7. Bxf6 Bxf6 8.
O-O-O Nc6 9. Nf3 Bg4 10. h3 Nxd4 11. Qd3 Bf5 12. Qd2 Nxf3 13. gxf3 c6 14. Bd3
Bxd3 15. Qxd3 Qa5 16. Rhe1 Rae8 17. a3 Rxe1 18. Rxe1 d4 0-1

[Event "AUTO-OPEN-1301"]
[Site "http://www.queenalice.com/game.php?id=476767"]
[Date "2008.10.13"]
[Round "1"]
[White "Chazam"]
[Black "rodcamilo2003"]
[Result "1-0"]
[WhiteElo "1718"]
[BlackElo "1039"]

1. e4 e5 2. d4 exd4 3. Qxd4 d6 4. Qa4+ Bd7 5. Qb3 Bc6 6. Bc4 Qf6 7. Nd2 Nd7 8.
Ndf3 Bxe4 9. Nh3 Bxf3 10. Qxf3 Qxf3 11. gxf3 c6 12. Be3 Ne5 13. Be2 Nf6 14.
O-O-O Be7 15. Rhg1 O-O 16. Bh6 Ng6 17. Bg5 d5 18. Bd3 Nh5 19. Bxg6 1-0

[Event "AUTO-OPEN-1301"]
[Site "http://www.queenalice.com/game.php?id=476768"]
[Date "2008.10.13"]
[Round "1"]
[White "rodcamilo2003"]
[Black "Chazam"]
[Result "0-1"]
[WhiteElo "1039"]
[BlackElo "1716"]

1. d4 e5 2. dxe5 Nc6 3. Nf3 d6 4. exd6 Bxd6 5. e4 Nf6 6. Bd3 Be6 7. Be3 Bb4+ 8.
c3 Ba5 9. b4 Bb6 10. Bxb6 axb6 11. a3 O-O 12. e5 Nd5 13. O-O Re8 14. Be4 Nf4 15.
Qc1 Ne2+ 16. Kh1 Nxc1 17. Rxc1 Bg4 18. c4 Bxf3 0-1

[Event "AUTO-OPEN-1301"]
[Site "http://www.queenalice.com/game.php?id=476779"]
[Date "2008.10.13"]
[Round "1"]
[White "rodantero"]
[Black "rodcamilo2003"]
[Result "1-0"]
[WhiteElo "2263"]
[BlackElo "1039"]

1. e4 e5 2. Nf3 d6 3. d4 Nc6 4. Bb5 exd4 5. Nxd4 Bd7 6. Nc3 Nxd4 7. Bxd7+ Qxd7
8. Qxd4 Nf6 9. O-O Be7 10. Rd1 c5 11. Qd3 O-O 12. e5 Ne8 13. Bf4 Rd8 14. exd6
Bxd6 15. Nb5 1-0

[Event "AUTO-OPEN-1301"]
[Site "http://www.queenalice.com/game.php?id=476780"]
[Date "2008.10.13"]
[Round "1"]
[White "rodcamilo2003"]
[Black "rodantero"]
[Result "0-1"]
[WhiteElo "1039"]
[BlackElo "2262"]

1. e4 c5 2. d4 cxd4 3. Qxd4 Nc6 4. Qd1 e5 5. Nf3 f5 6. exf5 Nf6 7. Bg5 d5 8. Bb5
Qa5+ 9. Nc3 d4 10. Bxc6+ bxc6 11. Bxf6 gxf6 12. O-O dxc3 13. bxc3 Ba6 14. Re1
Qd5 15. Qc1 Rg8 16. Nh4 Qc4 17. Nf3 Rxg2+ 0-1

[Event "Let's Play Chess!"]
[Site "http://www.queenalice.com/game.php?id=496500"]
[Date "2008.11.21"]
[Round "-"]
[White "rodcamilo2003"]
[Black "XaraX"]
[Result "0-1"]
[WhiteElo "1039"]
[BlackElo "1786"]

1. e4 e5 2. d4 exd4 3. Qxd4 Nc6 4. Qd1 d6 5. c3 Nf6 6. Bd3 Be7 7. Nh3 Bxh3 8.
gxh3 O-O 9. Bg5 h6 10. Bxf6 Bxf6 11. Qf3 Ne5 12. Qe3 d5 13. Nd2 dxe4 14. Qxe4
Nxd3+ 0-1

[Event "Let's Play Chess!"]
[Site "http://www.queenalice.com/game.php?id=496501"]
[Date "2008.11.21"]
[Round "-"]
[White "XaraX"]
[Black "rodcamilo2003"]
[Result "1-0"]
[WhiteElo "1867"]
[BlackElo "1100"]

1. d4 d5 2. c4 dxc4 3. Nc3 e6 4. e4 c6 5. Bxc4 c5 6. d5 e5 7. Nf3 f6 8. O-O a6
9. Be3 Bd6 10. a3 Ne7 11. h3 Bd7 12. Na4 b5 13. Nxc5 1-0

[Event "Let's Play Chess!"]
[Site "http://www.queenalice.com/game.php?id=496502"]
[Date "2008.11.21"]
[Round "-"]
[White "rodcamilo2003"]
[Black "DrIgO"]
[Result "0-1"]
[WhiteElo "1089"]
[BlackElo "1423"]

1. e4 d5 2. d3 d4 3. Nf3 g6 4. Be2 Bg7 5. Bf4 Nf6 6. Ne5 O-O 7. Nd2 b5 8. c4
dxc3 9. bxc3 Na6 10. O-O b4 11. cxb4 Nxb4 0-1

[Event "Let's Play Chess!"]
[Site "http://www.queenalice.com/game.php?id=496503"]
[Date "2008.11.21"]
[Round "-"]
[White "DrIgO"]
[Black "rodcamilo2003"]
[Result "1-0"]
[WhiteElo "1420"]
[BlackElo "1100"]

1. d4 d5 2. g3 e6 3. Bh3 c5 4. Nf3 Nc6 5. c3 cxd4 6. cxd4 Bd6 7. O-O Nf6 8. a3
e5 9. Ng5 Bxh3 10. Nxh3 exd4 11. b4 1-0

[Event "Let's Play Chess!"]
[Site "http://www.queenalice.com/game.php?id=496504"]
[Date "2008.11.21"]
[Round "-"]
[White "rodcamilo2003"]
[Black "spawnwolfwolverine"]
[Result "0-1"]
[WhiteElo "1100"]
[BlackElo "1695"]

1. e4 e5 2. d4 d6 3. dxe5 dxe5 4. Qxd8+ Kxd8 5. Nf3 Bg4 6. Nxe5 Bh5 7. Be2 Bxe2
8. Kxe2 f6 9. Nf7+ Kd7 10. Rd1+ Bd6 11. Bf4 Nh6 0-1

[Event "Let's Play Chess!"]
[Site "http://www.queenalice.com/game.php?id=496505"]
[Date "2008.11.21"]
[Round "-"]
[White "spawnwolfwolverine"]
[Black "rodcamilo2003"]
[Result "1-0"]
[WhiteElo "1693"]
[BlackElo "1100"]

1. c4 e5 2. d3 d5 3. cxd5 Qxd5 4. e4 Qd4 5. Nf3 Bb4+ 6. Bd2 Qxb2 7. Bxb4 Qxa1 8.
a3 Nc6 9. Be2 Qa2 10. O-O Nge7 11. Nc3 1-0

[Event "AUTO-BEG-267"]
[Site "http://www.queenalice.com/game.php?id=496525"]
[Date "2008.11.21"]
[Round "1"]
[White "danilokiel"]
[Black "rodcamilo2003"]
[Result "1-0"]
[WhiteElo "1229"]
[BlackElo "1067"]

1. c4 e5 2. e3 d5 3. cxd5 Qxd5 4. d4 exd4 5. exd4 Be7 6. Nc3 Bb4 7. a3 Bxc3+ 8.
bxc3 Nf6 9. c4 Qe4+ 10. Ne2 O-O 11. f3 Qe8 12. c5 1-0

[Event "AUTO-BEG-267"]
[Site "http://www.queenalice.com/game.php?id=496526"]
[Date "2008.11.21"]
[Round "1"]
[White "rodcamilo2003"]
[Black "danilokiel"]
[Result "0-1"]
[WhiteElo "1052"]
[BlackElo "1239"]

1. e4 e5 2. d4 exd4 3. Qxd4 c5 4. Qe3 Nf6 5. Bd3 d6 6. Nf3 h5 7. Nc3 Na6 8. Bxa6
bxa6 9. e5 dxe5 10. Nxe5 Bd6 11. O-O a5 0-1

[Event "AUTO-OPEN-1344"]
[Site "http://www.queenalice.com/game.php?id=496750"]
[Date "2008.11.22"]
[Round "1"]
[White "lafayete2000"]
[Black "rodcamilo2003"]
[Result "1-0"]
[WhiteElo "1413"]
[BlackElo "1073"]

1. e4 e5 2. Nf3 d6 3. h3 Nc6 4. Bb5 Bd7 5. O-O Nd4 6. Bxd7+ Qxd7 7. Nxd4 exd4 8.
c3 dxc3 9. Nxc3 Nf6 10. Re1 Be7 11. Nd5 Nxd5 12. exd5 1-0

[Event "AUTO-OPEN-1344"]
[Site "http://www.queenalice.com/game.php?id=496751"]
[Date "2008.11.22"]
[Round "1"]
[White "rodcamilo2003"]
[Black "lafayete2000"]
[Result "0-1"]
[WhiteElo "1080"]
[BlackElo "1410"]

1. e4 e6 2. d4 d5 3. exd5 Qxd5 4. Be3 Nf6 5. Nc3 Qd6 6. Nb5 Qc6 7. Bf4 Na6 8.
Nc3 Bb4 9. Bxa6 Qxa6 10. Bxc7 Bxc3+ 11. bxc3 Qc6 0-1

[Event "AUTO-OPEN-1344"]
[Site "http://www.queenalice.com/game.php?id=496778"]
[Date "2008.11.22"]
[Round "1"]
[White "rodcamilo2003"]
[Black "Ernani"]
[Result "0-1"]
[WhiteElo "1067"]
[BlackElo "2070"]

1. e4 e6 2. d4 d5 3. exd5 exd5 4. Qe2+ Qe7 5. Qxe7+ Bxe7 6. Be3 Bf5 7. Na3 Bxa3
8. bxa3 Nc6 9. Bd3 Bxd3 10. cxd3 Nge7 11. Nf3 Nf5 12. O-O O-O 0-1

[Event "AUTO-OPEN-1344"]
[Site "http://www.queenalice.com/game.php?id=496779"]
[Date "2008.11.22"]
[Round "1"]
[White "Ernani"]
[Black "rodcamilo2003"]
[Result "1-0"]
[WhiteElo "2068"]
[BlackElo "1067"]

1. e4 e5 2. Nf3 d6 3. d4 exd4 4. Nxd4 c5 5. Nf3 Be7 6. Nc3 Bg4 7. Be2 Bxf3 8.
Bxf3 Nf6 9. O-O O-O 10. Bg5 Nc6 11. Re1 Nd4 12. Re3 1-0